| 000 | 00450nam a22001817a 4500 | ||
|---|---|---|---|
| 003 | OSt | ||
| 005 | 20260416172309.0 | ||
| 008 | 260416b |||||||| |||| 00| 0 eng d | ||
| 020 | _a9789353457938 | ||
| 082 |
_a950 _bKANL |
||
| 100 | _aKanisetti, Anirudh | ||
| 245 | _aLords of earth and sea : a history of the chola empire | ||
| 260 |
_aNew Delhi _bJuggernaut _c2025 |
||
| 300 | _a343p | ||
| 546 | _aEnglish | ||
| 650 | _aHistory | ||
| 942 |
_2ddc _cBK |
||
| 999 |
_c3990 _d3990 |
||